Marble League 2026 Teams - Sudden Death - Statistics

General Stats
  • This quiz has been taken 11 times
  • The average score is 2 of 16
Answers on the Grid
Answers color-coded by a green-red scale on the quiz's grid according to % correct below.
Pinkies
Kobalts
Oceanics
Mellow Yellow
Green Ducks
Solar Flares
Black Jacks
Hazers
Raspberry Racers
Team Plasma
Chocolatiers
Crazy Cat's Eyes
Bumblebees
Indigo Stars
Snowballs
Savage Speeders
Midnight Wisps
Gliding Glaciers
Jungle Jumpers
Team Momo
Turtle Sliders
Balls of Chaos
O'rangers
Limers
Wolfpack
Shining Swarm
Team Galactic
Thunderbolts
Minty Maniacs
Team Primary
Rojo Rollers
Jawbreakers
Quicksilvers
Hornets
Golden Orbs
Purple Rockets
 
Answer Stats
Answer % Correct
Autoqualified - 2nd in 2025 Oceanics
40%
3rd in Group A Qualifiers Black Jacks
20%
3rd in Group B Qualifiers Bumblebees
20%
2nd in Group B Qualifiers Crazy Cat's Eyes
20%
4th in Group B Qualifiers Indigo Stars
20%
Autoqualified - 1st in 2025 Kobalts
20%
6th in Group B Qualifiers Savage Speeders
20%
6th in Group A Qualifiers Team Plasma
20%
1st in Group B Qualifiers Chocolatiers
0%
1st in Group A Qualifiers Green Ducks
0%
4th in Group A Qualifiers Hazers
0%
Autoqualified - 3rd in 2025 Mellow Yellow
0%
Autoqualified - Hosts Pinkies
0%
5th in Group A Qualifiers Raspberry Racers
0%
5th in Group B Qualifiers Snowballs
0%
2nd in Group A Qualifiers Solar Flares
0%
No matching quizzes found
Score Distribution
Percent of People with Each Score
Percentile by Number Answered
Your Score History
You have not taken this quiz